Petición dirigida a las Cortes Constituyentes en favor de la unidad católica en España. (Record no. 183737)

MARC details
000 -LEADER
campo de control de longitud fija 00466nam a2200133 i 4500
001 - NÚMERO DE CONTROL
campo de control 183737
003 - IDENTIFICADOR DE NÚMERO DE CONTROL
campo de control ES-MaACL
005 - FECHA Y HORA DE LA ÚLTIMA TRANSACCIÓN
campo de control 20230906221948.0
008 - DATOS DE LONGITUD FIJA--INFORMACIÓN GENERAL
campo de control de longitud fija 141007s1869 sp |||| | spa d
245 00 - MENCIÓN DEL TÍTULO
Título Petición dirigida a las Cortes Constituyentes en favor de la unidad católica en España.
260 ## - PUBLICACIÓN, DISTRIBUCIÓN, ETC.
Lugar de publicación, distribución, etc. Madrid :
Nombre del editor, distribuidor, etc. [s.n.],
Fecha de publicación, distribución, etc. 1869 (
Fabricante Imp. de "La Esperanza" á cargo de D.A.G. Dubrull)
300 ## - DESCRIPCIÓN FÍSICA
Extensión 17, 289-363 p., 2 h. ;
Dimensiones 21 cm.
852 ## - LOCALIZACIÓN
Ubicación ES-MaACL
Número de control de estantería T-188-F-2
Holdings
Estatus retirado Estado de pérdida Estado de daño No para préstamo Colección Biblioteca de origen Biblioteca actual Ubicación en estantería Fecha de adquisición Fuente de adquisición Total de préstamos Signatura topográfica completa Código de barras Visto por última vez Precio de reemplazo Tipo de ítem Koha
        Colección de folletos Biblioteca del Ateneo de Madrid Biblioteca del Ateneo de Madrid Depósito folletos 07/10/2014     T-188-F-2 1193173 23/02/2023 23/02/2023 Folleto